=LDR 00000nam 2200000 4500 =001 INLIS000000000017085 =005 20130612112257 =008 ***********************************Ind** =035 ##$$0010-061300000017085 =041 ##$$a Ind =082 ##$$a 649.8 =090 ##$$a 649.8, Wir t =100 ##$$a Wirakusumah, Emma S =245 ##$$a Tetap bugar di usia lanjut, Emma S. Wirakusumah =260 ##$$a 2000 $b Jakarta =300 ##$$a x, 136 hlm, Ilus, 23 cm =650 ##$$a Usia lanjut - Perawatan dan kesehatan =850 ##$$a NBPNMAT